chefs d'états 2025 - Statistiques

Statistiques générales
  • Ce quiz a été pris 14 fois
  • Le résultat moyen est 12 sur 66
Statistiques - réponses
Hint Réponse % Correct
President france emanuel macron
83%
roi maroc mohamed 6
75%
president russie vladimir poutine
67%
president usa donald trump
58%
PM italie giorgia meloni
58%
president turquie recep tayyip erdogan
58%
president ukaine volodymyr zelensky
58%
president algerie abdelmadjid tebboune
50%
president taiwan lai ching-te
50%
president bresil luiz inacio lula da silva
50%
president afrique du sud cyril ramaphosa
42%
PM hongrie viktor orban
42%
president egypte abdel fattah al sissi
33%
PM israel benjamin netanyahu
33%
president argentine Javier Milei
33%
PM royaume-unis keir starmer
33%
PM canada marc carney
33%
PM inde naredra modi
33%
President espagne pedro sanchez
33%
president bielorussie alexandre loukachenko
25%
PM australie anthony albanese
25%
PM pologne donald tusk
25%
president syrie ahmed al-charaa
17%
PM belgique bart de wever
17%
presidente mexique claudia sheinbaum
17%
Ch allemagne friedrich merz
17%
PM danemark mette frederiksen
17%
PM japon shigeru ishiba
17%
president pologne andrzej duda
8%
PM pays bas dick schoof
8%
president rd congo felix tshisekedi
8%
corée du nord kin jong un
8%
PM grece kyriakos mitsotakis
8%
PM porugal luis montenegro
8%
President portugal marcelo rebelo de soussa
8%
president roumanie nicusor dan
8%
president rwanda paul kagame
8%
roi arabie saoudite roi salmane ben abdelaziz al saoud 12
8%
president irak abdel latif rachid
0%
president estonie alar karis
0%
president serbie aleksandar vucic
0%
president finlande alexander stubb
0%
PM croatie andrej plenkovic
0%
president albanie bajram begaj
0%
president nigeria bola tinubu
0%
Ch autriche christian stocker
0%
president lettonie edgars rinkevics
0%
president burundi evariste ndayishmiye
0%
president philipines ferdinand romualdez marcos
0%
president lituanie gitanas nauseda
0%
presidente macedoine du nord gordana siljanovska-davkova
0%
president liban joseph aoun
0%
president corée du sud lee ju-ho
0%
PM luxembourg luc frieden
0%
presidente moldavie maia sandu
0%
president iran masoud pezeshkian
0%
PM irlande micheal martin
0%
presidente malte Myriam Spiteri debono
0%
president slovenie natasa pirc musar
0%
president chypre Nikos Christodoulides
0%
president slovaquie peter pellegrini
0%
president tchéquie petr pavel
0%
president indonésie prabowo subianto
0%
PM suede ulf kristersson
0%
president chine Xi Jimping
0%
president croatie zoran milanovic
0%
Aucun quiz correspondant
Distribution des résultats
% des personnes avec chaque résultat
Percentile par nombre de réponses
Votre historique - résultats
Vous n’avez pas pris ce quiz